Sobre la producción social de la utopía. Parte 1: proyectos históricos y utopía /

সংরক্ষণ করুন:
গ্রন্থ-পঞ্জীর বিবরন
প্রধান লেখক: Robriguez Brandao, Carlos
সংস্থা লেখক: Encuentro de científicos sociales y teólogos sobre el tema "El discernimiento de las utopías", 2
বিন্যাস: কনফারেন্স প্রসিডিং
ট্যাগগুলো: ট্যাগ যুক্ত করুন
কোনো ট্যাগ নেই, প্রথমজন হিসাবে ট্যাগ করুন!

MARC

LEADER 00000 a a2200000 04500
001 45040
003
040
100 |a Robriguez Brandao, Carlos  
111 |a Encuentro de científicos sociales y teólogos sobre el tema "El discernimiento de las utopías", 2  
245 |a Sobre la producción social de la utopía. Parte 1:   |b proyectos históricos y utopía /  |c Carlos Robríguez Brandao  
773 |g páginas 81-94  
999 |c 34023  |d 34023